Arte, vanguardia y política en los años '60: conversaciones con Juan Pablo Renzi
محفوظ في:
| المؤلف الرئيسي: | |
|---|---|
| التنسيق: | كتاب |
| اللغة: | الإسبانية |
| منشور في: |
Buenos Aires
El Cielo por Asalto
1989
|
| سلاسل: | La Cultura Argentina
|
| الموضوعات: | |
| الوسوم: |
إضافة وسم
لا توجد وسوم, كن أول من يضع وسما على هذه التسجيلة!
|
MARC
| LEADER | 00000nam a2200000 a 4500 | ||
|---|---|---|---|
| 001 | UCK6088 | ||
| 003 | CL-VaPUC | ||
| 008 | 050902e19890000AG |||||||||||||||||spa|d | ||
| 020 | |a 9879035135 | ||
| 082 | 0 | 4 | |a 709.82 |b FAN |2 21 |
| 100 | 0 | |a Fantoni, Guillermo |e author |9 495202 | |
| 245 | 1 | 0 | |a Arte, vanguardia y política en los años '60: conversaciones con Juan Pablo Renzi |
| 300 | |a 121 p | ||
| 942 | |c BK | ||
| 945 | |d 20050902 00:00:00 |a jcarroza | ||
| 260 | |a Buenos Aires |b El Cielo por Asalto |c 1989 | ||
| 600 | 0 | 7 | |a RENZI, JUAN PABLO |2 CL-VaPUC |9 495203 |
| 650 | 0 | |a Arte argentino |9 360309 | |
| 650 | 0 | |a Política |9 255312 | |
| 650 | 0 | |a Conversaciones |9 314515 | |
| 651 | 0 | |a Argentina |9 254888 | |
| 583 | |a last modification |c 20050902 00:00:00 |k Rodrigo Vera | ||
| 490 | 0 | |a La Cultura Argentina | |
| 999 | |c 314481 |d 314479 | ||
| 952 | |0 0 |1 0 |4 0 |6 709_820000000000000_FAN_1989 |7 0 |8 A |9 386754 |a BIBART |b BIBART |d 2019-11-22 |i 4160819 |l 1 |o 709.82 FAN 1989 |p 4160819 |r 2025-03-13 |s 2023-09-21 |w 2019-11-22 |y BK |k ART | ||